000
00342nam a2200145Ia 4500
008
240624s9999 xx 000 0 und d
041
_a
eng
082
_a
659 SOF
100
_a
SOFAT RAJNI
245
_a
BASIC ACCOUNTING
250
_a
(2nd ed.)
260
_c
2014
_a
New Delhi
_b
PHI
300
_a
xiv, : 570 : p. : cm. ; 24
365
_c
RS
_b
33
999
_c
24453
_d
24453